Strategic marketing management (Record no. 367420)
[ view plain ]
| 000 -LEADER | |
|---|---|
| fixed length control field | 00628nam a22001937a 4500 |
| 003 - CONTROL NUMBER IDENTIFIER | |
| control field | 0 |
| 005 - DATE AND TIME OF LATEST TRANSACTION | |
| control field | 20250426150636.0 |
| 008 - FIXED-LENGTH DATA ELEMENTS--GENERAL INFORMATION | |
| fixed length control field | 250426b xxu||||| |||| 00| 0 eng d |
| 020 ## - INTERNATIONAL STANDARD BOOK NUMBER | |
| International Standard Book Number | 978-621-406-309-3 |
| 050 ## - LIBRARY OF CONGRESS CALL NUMBER | |
| Classification number | HF 5415.13 |
| Item number | .N38 2021 |
| 100 ## - MAIN ENTRY--PERSONAL NAME | |
| Personal name | Naval, Girly H. |
| 245 ## - TITLE STATEMENT | |
| Title | Strategic marketing management |
| Remainder of title | simplified moves for rookies |
| Statement of responsibility, etc | Girly H. Naval |
| 260 ## - PUBLICATION, DISTRIBUTION, ETC. (IMPRINT) | |
| Place of publication, distribution, etc | Intramuros, Manila |
| Name of publisher, distributor, etc | Mindshapers Co. Inc. |
| Date of publication, distribution, etc | 2021 |
| 300 ## - PHYSICAL DESCRIPTION | |
| Extent | xiv, 166 pages; |
| Dimensions | 23cm. |
| 504 ## - BIBLIOGRAPHY, ETC. NOTE | |
| Bibliography, etc | Includes bibliographical references. |
| 650 ## - SUBJECT ADDED ENTRY--TOPICAL TERM | |
| Topical term or geographic name as entry element | Marketing—Management. |
| 650 ## - SUBJECT ADDED ENTRY--TOPICAL TERM | |
| Topical term or geographic name as entry element | Strategic planning -- Marketing strategy. |
| 942 ## - ADDED ENTRY ELEMENTS (KOHA) | |
| Source of classification or shelving scheme | Library of Congress Classification |
| Koha item type | Books |
| Withdrawn status | Lost status | Source of classification or shelving scheme | Damaged status | Home library | Current library | Shelving location | Date acquired | Source of acquisition | Sub Shelving location | Total Checkouts | Full call number | Barcode | Date last seen | Price effective from | Koha item type |
|---|---|---|---|---|---|---|---|---|---|---|---|---|---|---|---|
| Library of Congress Classification | College Library | College Library | Filipiniana Section | 04/26/2025 | Library Fund | HF 5415.13 .N38 2021 | C24431 | 04/26/2025 | 04/26/2025 | Books | |||||
| Library of Congress Classification | College Library | College Library | Filipiniana Section | 04/26/2025 | Library Fund | HF 5415.13 .N38 2021 | C24430 | 04/26/2025 | 04/26/2025 | Books | |||||
| Library of Congress Classification | College Library | College Library | Filipiniana Section | 04/26/2025 | Library Fund | HF 5415.13 .N38 2021 | C24429 | 04/26/2025 | 04/26/2025 | Books |